| 000 | 00679cam a2200253 a 4500 | ||
|---|---|---|---|
| 999 |
_c6400 _d6400 |
||
| 001 | 31753604 | ||
| 003 | OCoLC | ||
| 005 | 20190116190937.0 | ||
| 008 | 941213s1995 oru 000 0deng | ||
| 010 | _a94047485 | ||
| 020 | _a1565073215 | ||
| 020 | _a9781565073210 | ||
| 035 | _a(OCoLC)31753604 | ||
| 040 |
_aDLC _cDLC _dBAKER _dBTCTA _dOCLCG _dCQU _dBSC |
||
| 082 |
_a248.4 _bM478C |
||
| 092 |
_a248.4 _bM176g, 1995 |
||
| 100 | 1 |
_aMcVey, Steve, _d1954- |
|
| 245 | 1 | 0 |
_aGrace walk / _cSteve McVey. |
| 260 |
_aEugene, Or. : _bHarvest House Publishers, _cc1995. |
||
| 300 |
_a188 p. ; _c21 cm. |
||
| 600 | 1 | 0 |
_aMcVey, Steve, _d1954- |
| 650 | 0 | _aChristian life. | |
| 942 |
_2ddc _cBK |
||